Statistics for Bavaria Quiz

Click here to take the quiz!

General Stats

  • This quiz has been taken 391 times
  • The average score is 14 of 17

Answer Stats

HintAnswer% Correct
Austria
97%
Capital and largest cityMunich
97%
Famous beer festival that takes place in the fallOktoberfest
96%
German name of the capitalMünchen
95%
Neighboring foreign countriesCzech Republic
94%
Major mountain rangeAlps
93%
Second largest city and Nazi trials siteNuremberg
92%
Most successful football clubBayern Munich
90%
Longest riverDanube
90%
Major sports event of 1972Summer Olympics
90%
Austrian who was imprisoned after the failed Beer Hall Putsch of 1923Adolf Hitler
84%
Ludwig II.'s castle that inspired DisneyNeuschwanstein
79%
Traditional leather breechesLederhosen
74%
2005-2013 PopeBenedict XVI.
70%
"Ride of the Valkyries" composerRichard Wagner
64%
Literal Hall of Fame named for a Norse warrior heavenWalhalla
63%
"Buddenbrooks" and "Death in Venice" author who lived in the regionThomas Mann
36%

Score Distribution

Percentile by Number Answered

Percent of People with Each Score

Your Score History

You have not taken this quiz